000 01050nas a2200373 4500
001 BR2011004495
003 BR-BrBNA
005 20231205115053.0
007 ta
008 230509b bl.|||p| |||| 00| 00por d
040 _aBR-BrBNA
_bpor
_cBiblioteca Nacional de Agricultura
041 _a(Pt)
072 _aL74
100 1 _aMinervino, A.H.H.
100 1 _aBarrêto Júnior, R.A.
100 1 _aFerreira, R.N.F.
100 1 _aSaut, J.P.E.
100 1 _aMeira Júnior, E.B. de S.
100 1 _aRodrigues, F.A.M.L.
100 1 _aNakagawa, T.L.D.R.
100 1 _aHeadley, S.A.
100 1 _aOrtolani, E.L.
245 1 _aIntoxicação cúprica acumulativa em búfalos
650 _aBÚFALO
650 _aINTOXICAÇÃO
650 _aCOBRE
650 _aSINTOMA
650 _aBIÓPSIA
650 _aFÍGADO
650 _aDIAGNÓSTICO
773 0 _tSemina. Ciências Agrárias (Brazil)
_xISSN 1676-546X
_g(Apr-Jun 2009), v. 30(2) p. 407-416
_wBR2011004495
909 _a202311
_bLúcia
_c55
_dLúcia Elande
942 _2AGRIS
_n0
_cANA
999 _c211936
_d211936